000 00671nam a2200217Ia 4500
001 8752
003 GE_BSU
008 181216s||||||||xx |||||||||||||| ||und||
040 _cGE_BSU
100 _aივარდავა, დილარ
245 _aნათლის სამოსელი
245 _bლექსები
245 _cრედ: მ.ქოიავა. მხატ: ო.ჯიშკარიანი
260 _aთბილისი
260 _bმერანი
260 _c1973
300 _a115გვ. 16სმ
653 _aლექსები
653 _aნათლის სამოსელი
942 _cBK
999 _c42062
_d42062